LEADER 03214nam 2200673 450 001 9910787143303321 005 20230125213556.0 010 $a1-78238-547-9 024 7 $a10.1515/9781782385479 035 $a(CKB)3710000000260981 035 $a(EBL)1644371 035 $a(SSID)ssj0001349899 035 $a(PQKBManifestationID)11877414 035 $a(PQKBTitleCode)TC0001349899 035 $a(PQKBWorkID)11287792 035 $a(PQKB)10806872 035 $a(Au-PeEL)EBL1644371 035 $a(CaPaEBR)ebr10956102 035 $a(CaONFJC)MIL655462 035 $a(OCoLC)893735680 035 $a(DE-B1597)637084 035 $a(DE-B1597)9781782385479 035 $a(MiAaPQ)EBC1644371 035 $a(EXLCZ)993710000000260981 100 $a20141029h20152015 uy 0 101 0 $aeng 135 $aur|n|---||||| 181 $ctxt 182 $cc 183 $acr 200 10$aEnhancing democracy $epublic policies and citizen participation in Chile /$fGonzalo Delamaza 210 1$aNew York, [New York] ;$aOxford, [England] :$cBerghahn Books,$d2015. 210 4$d©2015 215 $a1 online resource (308 p.) 225 1 $aCEDLA Latin America Studies ;$vVolume 104 300 $aDescription based upon print version of record. 311 $a1-322-24182-1 311 $a1-78238-546-0 320 $aIncludes bibliographical references and index. 327 $aContents; Tables; Acknowledgements; Abbreviations; Introduction: The Question of Democracy in a Democratic Society; Chapter 1 - Construction of Democracy, Public Policy and Civil Society's Participation; Chapter 2 - Chile: Top-down Modernization and Low-intensity Re-democratization; Chapter 3 - Social Policy Agendas in the Transition to Democracy; Chapter 4 - Civil Society, Public Policy Networks and Participatory Initiatives; Chapter 5 - From Civil Society to the State: A New Elite Is Born?; Conclusion - Participation and Public Policy in the Chilean Democratic Process; References; Index 330 $aSince the end of the Pinochet regime, Chilean public policy has sought to rebuild democratic governance in the country. This book examines the links between the state and civil society in Chile and the ways social policies have sought to ensure the inclusion of the poor in society and democracy. Although Chile has gained political stability and grown economically, the ability of social policies to expand democratic governance and participation has proved limited, and in fact such policies have become subordinate to an elitist model of democracy and resulted in a restrictive form of citizen pa 410 0$aLatin America studies ;$vVolume 104. 606 $aPolitical participation$zChile 606 $aDemocracy$zChile 606 $aCivil society$zChile 607 $aChile$xSocial policy 607 $aChile$xPolitics and government$y1988- 615 0$aPolitical participation 615 0$aDemocracy 615 0$aCivil society 676 $a320.60983 700 $aDelamaza$b Gonzalo$01545860 801 0$bMiAaPQ 801 1$bMiAaPQ 801 2$bMiAaPQ 906 $aBOOK 912 $a9910787143303321 996 $aEnhancing democracy$93801014 997 $aUNINA LEADER 00974nam0-22002771i-450 001 990002048820403321 005 20250717102934.0 035 $a000204882 100 $a20030910d1987----km-y0itay50------ba 101 0 $amul 102 $aLU 105 $ay---a---101yy 200 1 $aAphid migration and forecasting " Euraphid " systems in European Community countries$eproceedings of a meeting of the EC Experts' Group, Montpellier 1987$fedited by R. Cavalloro 210 $aLussemburgo$cCommission of the European communities$d1987 215 $a264 p.$d25 cm 610 0 $aEntomologia$aAfidi 676 $a595.752$v23$zita 702 1$aCavalloro,$bRaffaele 710 02$aCommissione europea$0333284 801 0$aIT$bUNINA$gRICA$2UNIMARC 901 $aBK 912 $a990002048820403321 952 $aB ENT 598$b01/0698/25$fFAGBC 959 $aFAGBC 996 $aAphid migration and forecasting " Euraphid " systems in European Community countries$9406425 997 $aUNINA LEADER 02916nam 22006735 450 001 9910438152503321 005 20251230065434.0 010 $a1-283-93463-9 010 $a3-0348-0466-0 024 7 $a10.1007/978-3-0348-0466-0 035 $a(CKB)2670000000317933 035 $a(EBL)994212 035 $a(OCoLC)823388144 035 $a(SSID)ssj0000879295 035 $a(PQKBManifestationID)11546417 035 $a(PQKBTitleCode)TC0000879295 035 $a(PQKBWorkID)10852501 035 $a(PQKB)10728624 035 $a(DE-He213)978-3-0348-0466-0 035 $a(MiAaPQ)EBC994212 035 $a(PPN)168307294 035 $a(EXLCZ)992670000000317933 100 $a20121212d2013 u| 0 101 0 $aeng 135 $aur|n|---||||| 181 $ctxt 182 $cc 183 $acr 200 10$aMicrolocal Methods in Mathematical Physics and Global Analysis /$fedited by Daniel Grieser, Stefan Teufel, Andras Vasy 205 $a1st ed. 2013. 210 1$aBasel :$cSpringer Basel :$cImprint: Birkhäuser,$d2013. 215 $a1 online resource (146 p.) 225 1 $aResearch Perspectives,$x2509-7415 300 $aDescription based upon print version of record. 311 08$a3-0348-0465-2 320 $aIncludes bibliographical references. 327 $aPreface -- Semiclassical and adiabatic limits -- Singular spaces -- Spectral and scattering theory -- Wave propagation and topological applications. 330 $aMicrolocal analysis is a mathematical field that was invented for the detailed investigation of problems from partial differential equations in the mid-20th century and that incorporated and elaborated on many ideas that had originated in physics. Since then, it has grown to a powerful machine used in global analysis, spectral theory, mathematical physics and other fields, and its further development is a lively area of current mathematical research. This book collects extended abstracts of the conference 'Microlocal Methods in Mathematical Physics and Global Analysis', which was held at the University of Tübingen from June 14th to 18th, 2011. 410 0$aResearch Perspectives,$x2509-7415 606 $aDifferential equations 606 $aGlobal analysis (Mathematics) 606 $aManifolds (Mathematics) 606 $aDifferential Equations 606 $aGlobal Analysis and Analysis on Manifolds 615 0$aDifferential equations. 615 0$aGlobal analysis (Mathematics) 615 0$aManifolds (Mathematics) 615 14$aDifferential Equations. 615 24$aGlobal Analysis and Analysis on Manifolds. 676 $a530.155 676 $a530.155 701 $aGrieser$b Daniel$065750 801 0$bMiAaPQ 801 1$bMiAaPQ 801 2$bMiAaPQ 906 $aBOOK 912 $a9910438152503321 996 $aMicrolocal methods in mathematical physics and global analysis$94195864 997 $aUNINA